| 000 | 00411cam a2200169ua 4500 | ||
|---|---|---|---|
| 020 | _c6.00 | ||
| 041 |
_aeng _h |
||
| 082 |
_a824 _bBAG/LI |
||
| 100 | _aBagehot, Walter . | ||
| 245 |
_aLiterary studies, Vol 1 / _cWalter Bagehot. _hTextual Documents |
||
| 260 |
_aLondon : _bJ M Dent and Sons Ltd , _c1951. |
||
| 300 | _a387 ; . | ||
| 365 | _a6.00 | ||
| 504 | _a | ||
| 942 | _cBK | ||
| 999 |
_c8898 _d8898 |
||